| 000 | 00937nam a22002417a 4500 | ||
|---|---|---|---|
| 005 | 20150124130529.0 | ||
| 008 | 140526t agu||||| |||| 00| 0 spa d | ||
| 050 | 4 |
_aBD241 _bN63 1975 |
|
| 100 | _aGoldman, Lucien, | ||
| 245 | 1 | 4 |
_aLas Nociones de estructura y genesis _cGoldman, Lucien, coaut. |
| 250 | _a1a ed. | ||
| 260 |
_aBuenos Aires, Argentina : _bNueva Vision, _c1975 |
||
| 300 |
_aV. ; _c18 cm. |
||
| 490 |
_aFichas; _vno. 46 |
||
| 500 | _aTraducción de: les notions de genèse et de structure | ||
| 500 | _ala biblioteca cuenta con el volumen 1 solamente | ||
| 504 | _aInlcuye índice | ||
| 505 | _acontenido: v1. proeceso y estructura. Filosofía -- v2.matemàtica. biología -- v3. sociología. las ideologías reñigiosas. arte -- v4 psicofísica. Lingüística. psicología. | ||
| 650 | 4 | _aEstructuralismo | |
| 700 | _aGoldman, Lucien, coaut. | ||
| 700 | _aMaria, Floreal, coaut. | ||
| 942 |
_2ddc _cLIB |
||
| 999 |
_c52121 _d52121 |
||